000 00302nam a22001337a 4500
008 181006b xxu||||| |||| 00| 0 eng d
020 _a9780030259623
041 _aeng
080 _29th
_a330.722.6
100 _a62
101 _aKONT.F
245 _aFinancial Accounting
_cStickeny
942 _2udc
_cBK
999 _c48966
_d48966